• 首页
  • 本馆介绍
  • 公告通知
  • 最新文献
  • 馆藏检索
  • 电子资源
  • 读者导购
  • 参考咨询
  • 我的图书馆
  • 登录
  • 详细信息显示
  • 放入我的书架
  • 预约/预借图书
  • 作者相关作品
  • 分类相关作品
  • 丛书相关作品
  • 出版社相关作品

书目信息

  • 表格格式
  • 工作单格式
  • 卡片格式
题名:
科学教育与自由教育
    
 
作者: 涂艳国 著
分册:  
出版信息: 合肥   安徽教育出版社  2007
页数: 320页
开本: 23cm
丛书名: 中国中青年教育学者自选集
单 册:
中图分类: G40-52
科图分类:
主题词: 教育学--文集 , 教育学
电子资源:
ISBN: 978-7-5336-4805-3
000 00818oam2 2200253 45
005 20100303142144.51
010    @a978-7-5336-4805-3@dCNY42.00
100    @a20100121e20082007em y0chiy0120 ea
101 0  @achi
102    @aCN@b340000
105    @ac z 000yy
106    @ar
200 1  @a科学教育与自由教育@AKe Xue Jiao Yu Yu Zi You Jiao Yu@f涂艳国著@FTu Yan Guo Zhu
210    @a合肥@c安徽教育出版社@d2007@h2008
215    @a320页@c肖像@d23cm
225 2  @a中国中青年教育学者自选集@h第一辑
330    @a本书共分四编,内容包括:教育活动论、科学教育论、自由教育论、教育改革论。
461  0 @12001 @a中国中青年教育学者自选集@h第一辑
606 0  @a教育学@j文集
606 0  @a教育学
690    @aG40-52@v4
701  0 @a涂艳国@ATu Yan Guo@4著
801  0 @aCN@bTANGWEI@c20100303
905    @b0585559-63@dG40-52@e503@f5
    
    科学教育与自由教育/涂艳国著.-合肥:安徽教育出版社,2007(2008)
    320页:肖像;23cm.-(中国中青年教育学者自选集.第一辑)
    
    
    ISBN 978-7-5336-4805-3:CNY42.00
    本书共分四编,内容包括:教育活动论、科学教育论、自由教育论、教育改革论。
●
相关链接 在E读中查询图书 在五车中查询图书 在当当中查询图书 在豆瓣中查询图书


正题名:科学教育与自由教育     索取号:G40-52/503         预约/预借

序号 登录号 条形码 馆藏地/架位号 状态 备注
1 0585559   205855591   第一样本阅览室/ [索取号:G40-52/503] 在馆    
2 0585560   205855608   第四借阅区/ [索取号:G40-52/503] 在馆    
3 0585561   205855617   第四借阅区/ [索取号:G40-52/503] 在馆    
4 0585562   205855626   第四借阅区/ [索取号:G40-52/503] 在馆    
5 0585563   205855635   教育系资料室/ [索取号:G40-52/503] 在馆    
唐山师范学院图书馆 欢迎您!
大连网信软件有限公司© 版权所有